000 01257nam2a2200241 4500
001 rc\2655711
005 20260315043407.0
035 _a(NLR Aleph) 006962975
090 _a13564572
_c13564572
100 _a20110623d1931 u y0rusy50 ca
101 0 _arus
102 _aRU
105 _aa z |||||
200 1 _aЖивотные пищевые продукты
210 _d1931
215 _a270 с.
_cил.
461 0 _1001rc\2655709
_12001#$aПрактическое товароведение для работников потребительской кооперации ...$eЧ. 1-2$fМ. Левин и М. Присека$vЧ. 2
_1700#1$aЛевин$bМ. И.$cпреподаватель, лектор$f1879-1958$gМакс Ильич$3RU\NLR\AUTH\770255342$4070
_95363237
_aЛевин, М. И. (преподаватель, лектор ; 1879-1958)
_cМосква
_d1930-1931
_e2-е изд., доп.
_fМ. Левин и М. Присека
_nЦентросоюз
_oЧ. 1-2
_tПрактическое товароведение для работников потребительской кооперации ...
_vЧ. 2
801 0 _aRU
_bNLR
_gpsbo
801 1 _aRU
_bELAR
_2rusmarc
852 _aNLR
_j30.17/402
942 _cUNSPEC
980 _aNB